Reprodukčný exponenciálny disperzný model a lognormálne rozdelenie

Gespeichert in:
Bibliographische Detailangaben
1. Verfasser: Horáková, Galina
Format: Buchkapitel
Sprache:Slowakisch
Tags: Tag hinzufügen
Keine Tags, Fügen Sie das erste Tag hinzu!

MARC

LEADER 00000nla a2200000 4500
001 0235625
005 20240502073818.0
041 0 |a slo 
044 |a SK 
245 1 0 |a Reprodukčný exponenciálny disperzný model a lognormálne rozdelenie  |c Galina Horáková 
500 |a Abstrakt 
100 1 |a Horáková, Galina